000 00485nam a2200169Ia 4500
001 25261
005 20260414151138.0
008 260414t2012||||xx |||||||||||||| ||spa||
041 _aESP
082 _a346.43
_bE91
100 _aEsquivel Oviedo, Juan Carlos
_eAUT
245 0 _aProblemas inmobiliarios y administrativos derivados de la convivencia en edificios. Enfoque legal y jurisprudencial
_b
260 _c2012
650 _aDER
654 _aCDE
942 _cLIB
_dJUS
_fJUS
_2ddc
_n
999 _c25261
_d25261